00709nam a2200181 a 450000100100000000500170001000800410002702000150006804000250008308200140010810000260012224501500014826000390029830000280033770000330036595201120039899900170051000002618820200930024357.0860227s1988 sp a 0|0 | spa d a842340644X aDO-SdBNPcspadBNPHU axxxbJ62p1 aJoannis, Henri95320013aEl proceso de creación publicitaria :bplanteamiento, concepción y realización de los mensajes /cHenri Joannis ; prefacio de Michel Badoc. aMadrid :bEdiciones Deusto,c1988. a209 p. :bil. ;c23 cm.1 aBadoc, Michel,epref.953201 001050718MOaGRbGRcCTd2011-03-03iLF1l0oxxx J62pp26188-10r2020-06-25w2020-06-25y1ZNo se presta c25680d25680